000 00400nam a2200181Ia 4500
008 240510s9999 xx 000 0 und d
020 _a0009559536834
041 _asih
082 _a891.483
082 _bK52
100 _aKODITHUWAKKU, Piyasiri
245 0 _aPekada Sagala
260 _bColombo : Chithra Printers
260 _c1995
300 _a155 p.
942 _2ddc
942 _cLBK
999 _c28348
_d28348
945 _a1
_bMadushi Gamage
_c1
_dMadushi Gamage